Environmental Biology (Record no. 8704)

MARC details
000 -LEADER
fixed length control field 00414nam a22001697a 4500
003 - CONTROL NUMBER IDENTIFIER
control field OSt
008 - FIXED-LENGTH DATA ELEMENTS--GENERAL INFORMATION
fixed length control field 200706b ||||| |||| 00| 0 eng d
020 ## - INTERNATIONAL STANDARD BOOK NUMBER
International Standard Book Number 9789374734711
082 ## - DEWEY DECIMAL CLASSIFICATION NUMBER
Classification number 628DAE
100 ## - MAIN ENTRY--PERSONAL NAME
Personal name Das, P.C.
245 ## - TITLE STATEMENT
Title Environmental Biology
250 ## - EDITION STATEMENT
Edition statement 2011
260 ## - PUBLICATION, DISTRIBUTION, ETC. (IMPRINT)
Place of publication, distribution, etc New Delhi
Name of publisher, distributor, etc AITBS Publishers
300 ## - PHYSICAL DESCRIPTION
Extent Pg. 231, Dimensions: 22 x 17 x 1.5 cm
650 ## - SUBJECT ADDED ENTRY--TOPICAL TERM
Topical term or geographic name as entry element Biology and EVS
942 ## - ADDED ENTRY ELEMENTS (KOHA)
Source of classification or shelving scheme Dewey Decimal Classification
Koha item type Text Books
Holdings
Withdrawn status Lost status Source of classification or shelving scheme Damaged status Not for loan Collection code Home library Current library Date acquired Source of acquisition Currency Cost, normal purchase price Bill Number Total Checkouts Full call number Acc. no. / Barcode Date last seen Actual Cost, discounted price Bill Date Koha item type
    Dewey Decimal Classification     B.Pharma PIET C-LIBRARY PIET C-LIBRARY 01/02/2020 Kirti Prakashan IN Rupees 225.00 IN6239   628 DAE BP710 06/07/2020 146.25 01/02/2020 Text Books
    Dewey Decimal Classification     B.Pharma PIET C-LIBRARY PIET C-LIBRARY 01/02/2020 Kirti Prakashan IN Rupees 225.00 IN6239   628 DAE BP711 06/07/2020 146.25 01/02/2020 Reference Books

Design & Developed by: PIET Central Library
R70 Miles Stone Pattikalyana Samalkha Panipat 132102
mail ID :- [email protected], Phone No:- 0180-2569700 Ex.216